Sports Quiz

Random Sports or Basketball Quiz

Through the Kaleidoscope: NBA Logos Quiz Stats

Quiz Updated Nov 10, 2017

Challenge
Share
Tweet
Score 0/30 Timer 05:00
0 Plays Today
% Correct
Boston Celtics
99.5%
Los Angeles Lakers
96.9%
Brooklyn Nets
94.8%
Charlotte Hornets
94.7%
Chicago Bulls
94.7%
Philadelphia 76ers
94.5%
Atlanta Hawks
94.1%
New York Knicks
94%
Houston Rockets
93.3%
San Antonio Spurs
93.2%
Milwaukee Bucks
92.6%
Phoenix Suns
91.7%
Golden State Warriors
91.1%
Oklahoma City Thunder
91%
Portland Trail Blazers
90.8%
% Correct
Miami Heat
90.2%
Denver Nuggets
89.8%
Indiana Pacers
88.7%
Cleveland Cavaliers
88.6%
New Orleans Pelicans
88.6%
Memphis Grizzlies
88.3%
Toronto Raptors
87.6%
Dallas Mavericks
86.4%
Detroit Pistons
86.2%
Washington Wizards
85.7%
Utah Jazz
85.7%
Los Angeles Clippers
84.9%
Sacramento Kings
84.8%
Orlando Magic
84.1%
Minnesota Timberwolves
81.3%

You're not logged in!

Compare scores with friends on all Sporcle quizzes.
Sign Up with Email
OR
Log In

You Might Also Like...

Show Comments

Extras

Top Quizzes Today


Score Distribution

Your Account Isn't Verified!

In order to create a playlist on Sporcle, you need to verify the email address you used during registration. Go to your Sporcle Settings to finish the process.

Report this User

Report this user for behavior that violates our Community Guidelines.

Details: